[Event "FRA-chT3 North 0304"]
[White "Saoudi, Houria"]
[Black "Warkentin, Sabine"]
[Site "France"]
[Round "5.9"]
[Result "1/2-1/2"]
[Date "2004.01.18"]
[WhiteElo "1299"]
[BlackElo "1834"]
[PlyCount "85"]
[EventDate "2003.11.??"]
[EventType "team-tourn"]
[EventRounds "9"]
[EventCountry "FRA"]
[SourceTitle "EXT 2006"]
[Source "ChessBase"]
[SourceDate "2005.11.24"]
[SourceVersion "1"]
[SourceVersionDate "2005.11.24"]
[SourceQuality "1"]
[WhiteTeam "Lille II"]
[BlackTeam "Neuville en Ferrain"]
[WhiteTeamCountry "FRA"]
[BlackTeamCountry "FRA"]

1. e4 c5 2. d4 d5 3. Nc3 dxe4 4. Nxe4 Bf5 5. Ng3 Bg6 6. h4 h6 7. h5 Bh7 8. Nf3 e6 9. Bd3 Bxd3 10. Qxd3 Nd7 11. Bf4 Ngf6 12. 0-0-0 Qa5 13. Kb1 0-0-0 14. Rhe1 Nd5 15. Bd2 Qb6 16. Ne5 Nxe5 17. Rxe5 Nf6 18. Ba5 Qa6 19. Bxd8 Qxd3 20. Rxd3 Kxd8 21. Re1 Bd6 22. Ne4 Ne8 23. c4 Ke7 24. d5 exd5 25. cxd5 c4 26. Nxd6+ Kxd6 27. Kc2 Nc7 28. a4 Na6 29. Rg3 Rg8 30. Rf3 Rf8 31. Kc3 Nc7 32. Kxc4 a6 33. b4 b5+ 34. axb5 axb5+ 35. Kb3 Nxd5 36. Rd1 Kc6 37. Rb1 Kd6 38. Rd1 Kc6 39. Rb1 Kb6 40. Rf5 Kc6 41. Rf3 Kd6 42. Rd1 Kc6 43. Rb1 1/2-1/2

[Event "FRA-chT3 North 0304"]
[White "Saoudi, Houria"]
[Black "Colin, Stephanie"]
[Site "France"]
[Round "2.9"]
[Result "0-1"]
[Date "2003.11.15"]
[WhiteElo "1299"]
[BlackElo "1760"]
[PlyCount "80"]
[EventDate "2003.11.??"]
[EventType "team-tourn"]
[EventRounds "9"]
[EventCountry "FRA"]
[SourceTitle "EXT 2006"]
[Source "ChessBase"]
[SourceDate "2005.11.24"]
[SourceVersion "1"]
[SourceVersionDate "2005.11.24"]
[SourceQuality "1"]
[WhiteTeam "Lille II"]
[BlackTeam "Charleville Mezieres"]
[WhiteTeamCountry "FRA"]
[BlackTeamCountry "FRA"]

1. e4 e6 2. d4 d5 3. exd5 exd5 4. Bd3 Nc6 5. c3 Bd6 6. Nf3 Nge7 7. Be3 Bg4 8. Nbd2 Qd7 9. Qc2 h6 10. h3 Bf5 11. Nh4 Bxd3 12. Qxd3 0-0-0 13. a3 f5 14. g3 g5 15. Ng2 Ng6 16. f4 Rde8 17. 0-0-0 gxf4 18. Nxf4 Nxf4 19. Bxf4 Bxf4 20. gxf4 Rhg8 21. Rhg1 Qf7 22. Qf3 h5 23. Rg2 Rxg2 24. Qxg2 Re3 25. Rg1 Ne7 26. Qf2 Qe6 27. Nf3 Re2 28. Qf1 Qe3+ 29. Kb1 Rf2 30. Qd1 Qxf3 31. Qxf3 Rxf3 32. Rg7 Kd7 33. Rh7 Rxh3 34. Kc2 h4 35. b4 Rh1 36. Kb3 h3 37. Rh6 h2 38. Ka4 a6 39. Ka5 Nc6+ 40. Ka4 b5+ 0-1